A Quiz About Warsaw Uprising - Statistics

General Stats
  • This quiz has been taken 24 times
    23 since last reset
  • The average score is 6 of 10
Answer Stats
Question Answer % Correct
When did the Warsaw Uprising take place? 1944
86%
How did the German forces respond to the Warsaw Uprising? They launched a massive military offensive and brutally suppressed the uprising
86%
What was the primary objective of the Warsaw Uprising? To overthrow the Nazi German occupation forces
86%
Approximately how many Polish civilians died during the Warsaw Uprising? 150 000 - 200 000
71%
How long did the Warsaw Uprising last? 2 months
57%
How is the Warsaw Uprising remembered today? It is considered a tragic event and a symbol of resistance and sacrifice
57%
Which of the following is true about the Warsaw Uprising? It resulted in significant destruction and casualties but ultimately failed to achieve its objectives
57%
What was the aftermath of the Warsaw Uprising? The city of Warsaw was completely destroyed
57%
Who was the commander-in-chief of the Polish Home Army during the Warsaw Uprising? Tadeusz Bór-Komorowski
43%
Who was the main resistance organization behind the Warsaw Uprising? Polish Home Army
29%
No matching quizzes found
Score Distribution
Percent of People with Each Score
Percentile by Number Answered
Your Score History
You have not taken this quiz since the last reset